000 01017pam a2200313 a 4500
001 1562428
003 Ke-BoTe
005 20220531114044.0
008 920827s1993 cau f 001 0 eng c
010 _a 92049364
020 _a0805309055
040 _aDNLM/DLC
_cDLC
_dDLC
050 0 0 _aRJ245
_b.A885 1993
060 _aWY 39 A972p
082 0 0 _a610.73/62
_220
100 1 _aAxton, Sharon Ennis.
_97317
245 1 0 _aPediatric care plans /
_cSharon Ennis Axton, Terry Fugate.
260 _aRedwood City, Calif. :
_bAddison-Wesley Nursing,
_cc1993.
300 _axv, 479 p. ;
_c22 cm.
500 _aIncludes index.
650 0 _aPediatric nursing
_xHandbooks, manuals, etc.
_97227
650 0 _aNursing care plans
_xHandbooks, manuals, etc.
_94764
650 2 _aPatient Care Planning
_xhandbooks.
_94181
650 2 _aPediatric Nursing
_xhandbooks.
_97216
700 1 _aFugate, Terry.
_97318
906 _a7
_bcbc
_corignew
_d1
_eocip
_f19
_gy-gencatlg
942 _2lcc
_cBK
_n0
999 _c3439
_d3439